000 00582nam a2200193Ia 4500
005 20250508161800.0
008 008 250505s9999 xx 000 0 hin d
037 _aTextual
040 _aFEDL
_beng
_cFEDL
041 _ahin
_2hin
084 _a954.03, NCE
_qFEDL
100 _aSahagal Nayan Tara
_9771540
245 0 _aBharat ka swadhinta- sangram
245 0 _cNCERT (New Delhi India)
260 _aNew Delhi, India
_bNational Council of Educational Research and Training
_c1973
300 _a126p
942 _cTEXL
_h954.03, NCE
999 _c1372163
_d1372163